000 00575 a2200205 4500
001 42946
005 20260407155715.0
008 260407a1976 arg spa d
003 AR-UNSa-BCEJYS
040 _aAR-UNSa-BCEJYS
_bspa
_cAR-UNSa-BCEJYS
080 _a517.2/3
_xCálculo diferencial e integral
245 1 0 _aDerivadas e integrales
264 1 _aBuenos Aires :
_bERGON
_c1976
300 _a267 p.
_c24 cm.
505 _a1. Derivadas - 2. Integrales
041 _aspa
942 _cBK
590 _aniveau_biblio:m niveau_hierar:0
100 1 _aPerez Raffo, Rodolfo J.
999 _c3647
_d3647